Professional improvement for management of administration (PRIMA). Proceedings TEMPUS S-JEP 11274 : workshop, Kočovce, 19-22 April 1998, Žilina 20 July 1998

Bibliographic Details
Corporate Author: Žilinaská univerzita Žilina (vyd)
Format: Book
Language:English
PhysicalDescription:130 s. grafy, sch. 30 cm
Published: Žilina University Žilina c1998
ISBN:8071005355
Subjects:

MARC

LEADER 00000nam a2200000 a 4500
001 vtls001348093
003 SK-MaSNL
005 20260301200752.0
008 240226s1998 xo r eng
015 |a SNBA1999/05-01917 
020 |a 8071005355 
035 |a SNK000301370 
035 |a urn:nbn:sk:snk-amkpqc 
035 |a urn:nbn:sk:snk-am005f9t 
035 |a C005A5A3-325B-4807-BF44-5A85ADC751D2 
040 |a SNK  |b slo  |c SNK  |e AACR2 
041 0 |a eng 
044 |a xo  |c SK 
080 |a 651.4/.9:65.012.4(082)=20  |2 1981 
080 |a 65.012.4(082)=20  |2 1981 
245 1 |a Professional improvement for management of administration (PRIMA). Proceedings  |b TEMPUS S-JEP 11274 : workshop, Kočovce, 19-22 April 1998, Žilina 20 July 1998 
260 |a Žilina  |b University Žilina  |c c1998 
300 |a 130 s.  |b grafy, sch.  |c 30 cm 
650 0 7 |a administratíva  |2 SNKPH  |9 642 
650 0 7 |a manažment  |2 SNKPH  |9 922 
655 7 |a zbierky  |2 SNKPH  |9 70533 
710 0 |a Žilinaská univerzita Žilina  |4 vyd  |9 580397 
919 |a 80-7100-535-5 
958 |a TL 
999 |c 891995  |d 893925 
952 |t P60, <09>, [BOOK], {629}  |a SNK  |b SNK  |y NEVYP  |7 0  |o snkB 487  |i snk1627/981117  |0 0  |1 0  |4 0  |d 1998-11-16  |l 0  |r 2005-01-02 00:00:00  |w 2026-02-24 
952 |t P60, <03>, [BOOK], {603}  |a SNK  |b SNK  |y PREZ  |7 0  |p 17A0168567  |o snkSB 59551/[1]  |i snkKSP 10488/98  |0 0  |1 0  |4 0  |d 1998-11-16  |l 0  |r 2025-04-08 00:00:00  |w 2026-02-24 
952 |t P60, <04>, [BOOK], {604}  |a SNK  |b SNK  |y VYP  |7 0  |p 17A0168568  |o snkSB 59551/[1] D1  |i snkKSP 10489/98  |0 0  |1 0  |4 0  |d 1998-11-16  |f 1  |l 0  |r 2005-01-02 00:00:00  |w 2026-02-24